Szczegóły MARC21

Międzynarodowe przewozy towarowe : praca zbiorowa /

005 -DATA I CZAS OSTATNIEJ MODYFIKACJI [,]
    • @
    • pole kontrolne
    • 20070315155141.9
020 -Międzynarod. znormalizowany nr książki - ISBN [ , ]
    • a
    • Numer ISBN
    • 8390606550 Find
040 -Instytucja sporządzająca opis [ , ]
    • a
    • Instytucja, która sporządziła opis (NP)
    • SZCZ U
    • c
    • Instytucja, która sporządziła rekord (NP)
    • SZCZ U
041 -Język dokumentu [0, ]
    • a
    • Język tekstu (P)
    • polski
    • h
    • Język tekstu oryginalnego i/lub pośredniego (P)
    • pol
942 -Rodzaj dokumentu [ , ]
    • c
    • Rodzaj dokumentu
    • Książka
245 -Strefa tytułu i oznaczenia odpowiedzialności [0, ]
    • a
    • Tytuł
    • Międzynarodowe przewozy towarowe : Find
    • b
    • Ciąg dalszy tytułu (NP)
    • praca zbiorowa / Find
    • c
    • Pozostałe elementy strefy tytułu i oznaczenia odpowiedzialności (NP)
    • pod red. Józefa Perenca i Jerzego Godlewskiego.
260 -Strefa adresu wydawniczego [ , ]
    • a
    • Miejsce wydania (P)
    • Warszawa :
    • b
    • Nazwa wydawcy (P)
    • Polskie Wydaw.Transportowe,
    • c
    • Data wydania (P)
    • 2000.
300 -Strefa opisu fizycznego [ , ]
    • a
    • Określenie formy książki i/lub objętość (NP)
    • 358 s. :
    • b
    • Oznaczenie ilustracji (NP)
    • il. :
    • c
    • Format (NP)
    • 24 cm.
500 -Uwaga ogólna [ , ]
    • a
    • Uwaga ogólna (NP)
    • Bibliogr
080 -Uniwersalna Klasyfikacja Dziesiętna [ , ]
    • a
    • Symbol klasyfikacji
    • 338.47::656.1/.7(100)
080 -Uniwersalna Klasyfikacja Dziesiętna [ , ]
    • a
    • Symbol klasyfikacji
    • :339.542
980 -Symbol UKD [ , ]
    • a
    • UKD
    • 338.47::656.1/.7(100):339.542
700 -Hasło dodatkowe - nazwa osobowa [ , ]
    • a
    • Nazwa osobowa (NP)
    • Perenc Józef Find
700 -Hasło dodatkowe - nazwa osobowa [ , ]
    • a
    • Nazwa osobowa (NP)
    • Godlewski Jerzy Find
920 -ISBN [ , ]
    • a
    • ISBN
    • 83-906065-5-0 Find
Data inwentaryzacji Lokalizacja Sygnatura Numer inwentarzowy Status udost.
2000-11-28T T.35102
2000-11-28TT.3511T.3511-3
2000-11-28TT.3512T.3512-3
2000-11-28TT.3513T.3513-3
2000-11-28TT.3514T.3514-6
2000-11-28TT.3515T.3515-3
2000-11-28TT.3516T.3516-3
2000-11-28TT.3517T.3517-3
2000-11-28TT.3518T.3518-3
2000-11-28TT.3519T.3519-3
2000-11-28TT.3520T.3520-3
2000-11-28TT.3521T.3521-3
2006-03-01T TM.3915-6